El problema de empleo y recursos humanos: ideas para una política
Bewaard in:
| Hoofdauteur: | |
|---|---|
| Formaat: | Boek |
| Taal: | Spaans |
| Gepubliceerd in: |
Santiago
Andrés Bello
1970
|
| Onderwerpen: | |
| Tags: |
Voeg label toe
Geen labels, Wees de eerste die dit record labelt!
|
MARC
| LEADER | 00000nam a2200000 a 4500 | ||
|---|---|---|---|
| 001 | UCW6332 | ||
| 003 | CL-VaPUC | ||
| 008 | 911121e19700000CL |||||||||||||||||spa|d | ||
| 082 | 0 | 4 | |a 331 |b HUN |2 21 |
| 100 | |a Huneeus Cox, Pablo |e autor |9 588797 | ||
| 245 | 1 | 3 | |a El problema de empleo y recursos humanos: ideas para una política |
| 300 | |a 67 p | ||
| 942 | |c BK | ||
| 945 | |d 19911121 00:00:00 | ||
| 260 | |a Santiago |b Andrés Bello |c 1970 | ||
| 650 | 0 | |a Recursos humanos |9 228420 | |
| 650 | 0 | |a Empleos |9 256830 | |
| 583 | |a last modification |c 19911121 00:00:00 |k Rodrigo Vera | ||
| 999 | |c 219432 |d 219430 | ||
| 952 | |0 0 |1 0 |4 0 |6 331_000000000000000_HUN_1970 |7 0 |8 P |9 210357 |a BIBEDU |b BIBEDU |c BIBEDU_PB |d 2019-11-15 |i 278453K |o 331 HUN 1970 |p 278453K |r 2024-01-25 |w 2019-11-15 |y BK |k EDU | ||
| 952 | |0 0 |1 0 |4 0 |6 331_000000000000000_HUN_1970 |7 0 |8 A |9 210358 |a BIBDER |b BIBDER |d 2019-11-15 |i 1809229 |o 331 HUN 1970 |p 1809229 |r 2023-01-25 |w 2019-11-15 |y BK |k DER | ||
| 952 | |0 0 |1 0 |4 0 |6 331_000000000000000_HUN_1970 |7 0 |8 A |9 210359 |a BIBDER |b BIBDER |d 2019-11-15 |i 1846639 |o 331 HUN 1970 |p 1846639 |r 2023-01-25 |w 2019-11-15 |y BK |k DER | ||